Call of Duty: Black Ops Zombies Maps - Statistics

General Stats
  • This quiz has been taken 24 times
  • The average score is 8 of 10
Answer Stats
Maps % Correct
Kino der Toten
96%
Five
92%
Moon
92%
Shangri-La
92%
Ascension
75%
Call of the Dead
71%
Nacht der Untoten
71%
Shi No Numa
71%
Verrückt
71%
Der Riese
63%
No matching quizzes found
Score Distribution
Percent of People with Each Score
Percentile by Number Answered
Your Score History
You have not taken this quiz